<?xml version="1.0" encoding="UTF-8"?>
<record
    xmlns:xsi="http://www.w3.org/2001/XMLSchema-instance"
    xsi:schemaLocation="http://www.loc.gov/MARC21/slim http://www.loc.gov/standards/marcxml/schema/MARC21slim.xsd"
    xmlns="http://www.loc.gov/MARC21/slim">

  <leader>01744nam a22002177a 4500</leader>
  <controlfield tag="003">IT-MiCISF</controlfield>
  <controlfield tag="005">20230504150351.0</controlfield>
  <controlfield tag="008">230504b        |||||||| |||| 00| 0 eng d</controlfield>
  <datafield tag="040" ind1=" " ind2=" ">
    <subfield code="c">IT-MiCISF</subfield>
  </datafield>
  <datafield tag="041" ind1=" " ind2=" ">
    <subfield code="a">it</subfield>
  </datafield>
  <datafield tag="100" ind1=" " ind2=" ">
    <subfield code="a">Tarabochia Alessandra (a cura di)</subfield>
    <subfield code="9">60008</subfield>
  </datafield>
  <datafield tag="245" ind1=" " ind2=" ">
    <subfield code="a">Alleanze.</subfield>
    <subfield code="b">Storie di uomini e donne che hanno sparso semi di luce</subfield>
  </datafield>
  <datafield tag="260" ind1=" " ind2=" ">
    <subfield code="a">Milano, </subfield>
    <subfield code="b">Prometheus, </subfield>
    <subfield code="c">2022</subfield>
  </datafield>
  <datafield tag="300" ind1=" " ind2=" ">
    <subfield code="a">pp. 197</subfield>
  </datafield>
  <datafield tag="500" ind1=" " ind2=" ">
    <subfield code="a">rapporti-uomo-donna, storia, valori, esperienze</subfield>
  </datafield>
  <datafield tag="520" ind1=" " ind2=" ">
    <subfield code="a">&#xAB;&#xC8; importante fare della vita un sogno e di un sogno realt&#xE0;&#xBB;. La frase di Pierre Curie illumina quattordici storie, dalla fine del XVI secolo alle soglie dei nostri giorni, che narrano, ciascuna, di un uomo e una donna "alleati" per realizzare insieme qualcosa di bello. Storie nate spesso in momenti difficili, talvolta drammatici, dalla condivisione di passioni e ideali, che ci fanno conoscere da vicino, e guardare con occhi diversi, alcuni personaggi pi&#xF9; o meno famosi: letterati e politici, scienziati e musicisti, mecenati e artisti, medici e santi. Capaci, tutti, di compiere scelte spregiudicate, anticonformiste, e di affrontare difficolt&#xE0;, sacrifici e pericoli, di cogliere le luci e le ombre del loro tempo, di guardare avanti, lontano, e di non aspettare che i tempi siano maturi, per fare o cercare di ottenere quello che &#xE8; giusto. Perch&#xE9;, come spiegava Anna Kuliscioff a Filippo Turati: &#xAB;Filippo, quando una cosa &#xE8; giusta... &#xE8; giusta!&#xBB;</subfield>
  </datafield>
  <datafield tag="650" ind1=" " ind2=" ">
    <subfield code="a">societ&#xE0;</subfield>
    <subfield code="9">60009</subfield>
  </datafield>
  <datafield tag="654" ind1=" " ind2=" ">
    <subfield code="a">antologia</subfield>
  </datafield>
  <datafield tag="700" ind1=" " ind2=" ">
    <subfield code="a">Eguez M.L., Sacco P., Nuvoli G., Forti G.L., Lami G., Migliore L., Pontermoli A.</subfield>
    <subfield code="a">Negri M.P., Boschi A., Di Stefano M., Notarfonso D., Carocci G., Luciani F., Zappoli G., Fantoni G.</subfield>
    <subfield code="9">60010</subfield>
  </datafield>
  <datafield tag="942" ind1=" " ind2=" ">
    <subfield code="2">ddc</subfield>
    <subfield code="c">BK</subfield>
  </datafield>
  <datafield tag="999" ind1=" " ind2=" ">
    <subfield code="c">359699</subfield>
    <subfield code="d">359699</subfield>
  </datafield>
  <datafield tag="952" ind1=" " ind2=" ">
    <subfield code="0">0</subfield>
    <subfield code="1">0</subfield>
    <subfield code="2">ddc</subfield>
    <subfield code="4">0</subfield>
    <subfield code="6">B_7763_000000000000000</subfield>
    <subfield code="7">1</subfield>
    <subfield code="a">CISF</subfield>
    <subfield code="b">CISF</subfield>
    <subfield code="d">2023-05-04</subfield>
    <subfield code="l">0</subfield>
    <subfield code="o">B7763</subfield>
    <subfield code="p">9788882203047</subfield>
    <subfield code="r">2023-05-04 00:00:00</subfield>
    <subfield code="w">2023-05-04</subfield>
    <subfield code="y">BK</subfield>
  </datafield>
</record>
